LEADER 01024cam2 2200301 450 001 E600200013923 005 20160520125129.0 010 $a8817165719 100 $a20051026d1989 |||||ita|0103 ba 101 $aita 102 $aIT 200 0 $a7: Libri XXVIII-XXX$fTito Livio 205 $a2 ed. 210 $aMilano$cRizzoli$d1989 215 $a656 p.$d18 cm. 225 2 $aBUR$hL 410 1$1001LAEC00027383$12001 $a*BUR. L 461 1$1001SOBE00052419$12001 $aStoria di Roma dalla sua fondazione / Tito Livio ; traduzione di Mario Scāndola ; note di Claudio Moreschini 700 1$aLivius$b, Titus$3A600200033180$4070$05194 801 0$aIT$bUNISOB$c20160520$gRICA 850 $aUNISOB 852 $aUNISOB$j000|Coll|39|K$m64274 912 $aE600200013923 940 $aM 102 Monografia moderna SBN 941 $aW 957 $a000|Coll|39|K$b000270$i-7$gSi$d64274$racquisto$1pregresso1$2UNISOB$3UNISOB$420051026095706.0$520160520125129.0$6bethb 996 $a7: Libri XXVIII-XXX$91672224 997 $aUNISOB